000 00659nam a2200229 a 4500
001 BRCA_3617
005 20190320204345.0
008 240809s1963----mx-a---###---#000-0#spa-#
041 _aspa
044 _amx
050 4 _aND259.A7
_b.C33 1963
100 1 _aCabrera, Francisco
_99382
245 1 0 _aAgustin Arrieta pintor costumbrista
_cFrancisco Cabrera.
260 _aMéxico
_bLibros de México
_c1963
300 _a124 p.
_bil. (algunas a color)
_c24 cm.
500 _aIncluye apéndice e índice onomástico
500 _aB288
600 1 4 _aArrieta, Agustin
_d1802-1874
_94910
650 1 4 _aPintores mexicanos
_94220
902 _aGFM
942 _2lcc
_cB
999 _c3352
_d3352